[Event "Lima Surco op 4th"]
[Site "Lima"]
[Date "2017.10.15"]
[Round "2"]
[White "Quispe Limo, Josue Arnaldo"]
[Black "Castillo Vargas, Esteban Ricardo"]
[Result "0-1"]
[WhiteElo "1687"]
[BlackElo "1377"]
[PlyCount "70"]
[EventDate "2017.10.15"]
[EventType "swiss"]
[EventRounds "7"]
[EventCountry "PER"]
[SourceTitle "EXT 2019"]
[Source "ChessBase"]
[SourceDate "2018.10.10"]
[SourceVersion "1"]
[SourceVersionDate "2018.10.10"]
[SourceQuality "1"]

1. c4 e6 2. Nc3 Nf6 3. g3 c6 4. Bg2 d5 5. Nf3 Nbd7 6. cxd5 exd5 7. d4 Bd6 8. 0-0 0-0 9. Bg5 h6 10. Bxf6 Nxf6 11. e3 b6 12. Rc1 Ba6 13. Re1 Rc8 14. Qa4 Bc4 15. Nd2 Bd3 16. Qb3 Bf5 17. h3 Qd7 18. Kh2 h5 19. Nf3 Ne4 20. Nxe4 dxe4 21. Ng5 Qe7 22. h4 Kh8 23. Qc2 Rfe8 24. Qc4 Rc7 25. d5 f6 26. Nh3 g5 27. hxg5 fxg5 28. dxc6 h4 29. Rcd1 hxg3+ 30. fxg3 Bxh3 31. Bxh3 g4 32. Qd5 Be5 33. Bg2 Qh4+ 34. Kg1 Qxg3 35. Qxe4 Rf7 0-1